| 000 | 00612cam a2200181Ka 4500 | ||
|---|---|---|---|
| 082 |
_a627-02 _bCUN _cL-tech P-149 |
||
| 100 | 1 |
_aCunningham, Allan, _943968 |
|
| 245 | 1 | 0 |
_aRoorkee hydraulic experiments _cby Allan Cunningham. |
| 260 |
_aRoorkee, India : _bThomason College Press, _c1880-1881. |
||
| 300 |
_a1 online resource (3 v. in 1) : _bill. |
||
| 505 | 0 | _av. 1. Text--v. 2. Tables--v. 3. Plates. | |
| 526 |
_a0 _b0 _c0 _d62702_CUN |
||
| 526 |
_a0 _b0 _c0 _d62702_CUN |
||
| 650 | 0 | _aHydraulics. | |
| 650 | 0 |
_aMCE _9379 |
|
| 856 | 4 | 0 | _uhttp://catalog.hathitrust.org/api/volumes/oclc/9109388.html |
| 942 |
_2ddc _cBK |
||
| 999 |
_c547833 _d547833 |
||